Haz bien sin mirar á quien (Record no. 163806)

MARC details
000 -LEADER
campo de control de longitud fija 00912nam a22002055i 4500
001 - NÚMERO DE CONTROL
campo de control 163806
003 - IDENTIFICADOR DE NÚMERO DE CONTROL
campo de control ES-MaACL
005 - FECHA Y HORA DE LA ÚLTIMA TRANSACCIÓN
campo de control 20230906212820.0
008 - DATOS DE LONGITUD FIJA--INFORMACIÓN GENERAL
campo de control de longitud fija 050718s1871 sp | |||||||| ||spa d
040 ## - FUENTE DE CATALOGACIÓN
Centro catalogador/agencia de origen CAM
Lengua de catalogación spa
Centro/agencia transcriptor CAM
100 1# - ENTRADA PRINCIPAL--NOMBRE DE PERSONA
Nombre de persona Rodríguez Rubí, Juan.
9 (RLIN) 131952
245 10 - MENCIÓN DEL TÍTULO
Título Haz bien sin mirar á quien
Resto del título : comedia en un acto y en verso /
Mención de responsabilidad, etc. oiginal de Juan Rodríguez Rubí.
260 ## - PUBLICACIÓN, DISTRIBUCIÓN, ETC.
Lugar de publicación, distribución, etc. Madrid :
Nombre del editor, distribuidor, etc. Abienzo y Compañía,
Fecha de publicación, distribución, etc. 1871.
300 ## - DESCRIPCIÓN FÍSICA
Extensión 31 p. ;
Dimensiones 18 cm.
490 1# - MENCIÓN DE SERIE
Mención de serie El Proscenio, repertorio dramático-lírico
500 ## - NOTA GENERAL
Nota general En port.: Estrenada en el Teatro Martín, la noche del 11 de febrero de 1871.
830 0# - PUNTO DE ACCESO ADICIONAL DE SERIE-TÍTULO UNIFORME
Título uniforme El Proscenio, repertorio dramático-lírico
9 (RLIN) 221319
852 ## - LOCALIZACIÓN
Ubicación ES-MaACL
Número de control de estantería F-8586(4)
Nota libre -- Enc. pasta española
-- -- Ex-libris ms. de Gustavo Saenz Diez
-- -- Enc. en un vol. facticio, formando parte de la col.: "Teatro español moderno", vol. 39
Holdings
Estatus retirado Estado de pérdida Estado de daño No para préstamo Colección Biblioteca de origen Biblioteca actual Ubicación en estantería Fecha de adquisición Total de préstamos Signatura topográfica completa Código de barras Visto por última vez Precio de reemplazo Tipo de ítem Koha
        Libros del s. XIX Biblioteca del Ateneo de Madrid Biblioteca del Ateneo de Madrid Sala Pecera Planta 2 17/01/2008   F-8586(4) 1171667 23/02/2023 23/02/2023 Libro impreso antiguo